[Event "Arco op 45th"]
[Site "Arco"]
[Date "2023.10.14"]
[Round "8"]
[White "Mordiglia, Riccardo"]
[Black "Lo Martire, Vincenzo"]
[Result "1-0"]
[WhiteElo "2055"]
[BlackElo "1645"]
[PlyCount "65"]
[EventDate "2023.10.07"]
[EventType "swiss"]
[EventRounds "9"]
[EventCountry "ITA"]
[SourceTitle "Mega2024 Update 01"]
[Source "Chessbase"]
[SourceDate "2023.11.12"]
[SourceVersion "1"]
[SourceVersionDate "2023.11.12"]
[SourceQuality "1"]

1. d4 Nf6 2. Nc3 d6 3. e4 g6 4. f4 Bg7 5. e5 dxe5 6. dxe5 Qxd1+ 7. Kxd1 Ng4 8. Nd5 Kd8 9. Ke1 Be6 10. Ne3 h5 11. Nf3 Rf8 12. Bd3 Nc6 13. c3 f6 14. Bxg6 fxe5 15. fxe5 Ncxe5 16. Nxe5 Nxe5 17. Bxh5 c5 18. Be2 c4 19. g4 b5 20. h4 Ke8 21. g5 Rd8 22. h5 Nf3+ 23. Bxf3 Rxf3 24. Rf1 Rh3 25. h6 Be5 26. Nf5 Bxf5 27. Rxf5 Bg3+ 28. Kf1 Rd1+ 29. Kg2 Rdh1 30. g6 Bd6 31. Bf4 R1h2+ 32. Bxh2 Rxh2+ 33. Kf3 1-0

[Event "Arco op 45th"]
[Site "Arco"]
[Date "2023.10.12"]
[Round "6"]
[White "Mordiglia, Riccardo"]
[Black "Pleyer, Christian"]
[Result "1/2-1/2"]
[WhiteElo "2055"]
[BlackElo "1895"]
[PlyCount "59"]
[EventDate "2023.10.07"]
[EventType "swiss"]
[EventRounds "9"]
[EventCountry "ITA"]
[SourceTitle "Mega2024 Update 01"]
[Source "Chessbase"]
[SourceDate "2023.11.12"]
[SourceVersion "1"]
[SourceVersionDate "2023.11.12"]
[SourceQuality "1"]

1. Nc3 Nf6 2. e4 d5 3. e5 d4 4. exf6 dxc3 5. fxg7 cxd2+ 6. Bxd2 Bxg7 7. Qf3 Qd6 8. 0-0-0 Nc6 9. Bc3 Qh6+ 10. Kb1 Bd7 11. Qg3 e5 12. f4 f6 13. fxe5 fxe5 14. Nf3 0-0-0 15. Bc4 Bf6 16. Rxd7 Rxd7 17. Be6 Rhd8 18. Qg4 Nd4 19. Bxd7+ Rxd7 20. Re1 Nxf3 21. Qxf3 Qg5 22. b3 c6 23. Kb2 h6 24. g3 Rd5 25. a4 Qg6 26. Rf1 Be7 27. Re1 Bf6 28. Rf1 Be7 29. Re1 Bf6 30. Rg1 1/2-1/2

[Event "Turin olympic op-A"]
[Site "Turin"]
[Date "2006.05.26"]
[Round "6"]
[White "Mordiglia, Riccardo"]
[Black "Fossati, Remigio"]
[Result "0-1"]
[WhiteElo "2110"]
[BlackElo "2181"]
[PlyCount "78"]
[EventDate "2006.05.22"]
[EventType "swiss"]
[EventRounds "9"]
[EventCountry "ITA"]
[SourceTitle "EXT 2011"]
[Source "ChessBase"]
[SourceDate "2010.11.26"]
[SourceVersion "1"]
[SourceVersionDate "2010.11.26"]
[SourceQuality "1"]

1. d4 d5 2. Nc3 Nf6 3. Bg5 e6 4. e4 Bb4 5. e5 h6 6. Bd2 Bxc3 7. bxc3 Ne4 8. Nf3 c5 9. Bd3 Nc6 10. 0-0 Nxd2 11. Qxd2 Qa5 12. Rfd1 cxd4 13. cxd4 Qxd2 14. Rxd2 Na5 15. Rb1 Bd7 16. Rdd1 Rc8 17. Rb4 Ke7 18. h4 Rc7 19. h5 Rhc8 20. Rdb1 Rc3 21. Nd2 b6 22. Nf3 Ra3 23. Ra1 Ba4 24. Rb2 Rac3 25. Ne1 Nc4 26. Rb4 b5 27. Rc1 a5 28. Rbb1 Na3 29. Rb2 b4 30. f4 Bb5 31. Bh7 Be2 32. f5 Rh8 33. f6+ gxf6 34. exf6+ Kxf6 35. Bd3 Bxh5 36. Nf3 Bxf3 37. gxf3 Rhc8 38. Rb3 R3c7 39. Rb2 Nc4 0-1

[Event "Turin-ch op 18th"]
[Site "Torino"]
[Date "2001.02.??"]
[Round "6"]
[White "Coqueraut, Jean Dominique"]
[Black "Mordiglia, Riccardo"]
[Result "0-1"]
[WhiteElo "1702"]
[BlackElo "2102"]
[PlyCount "52"]
[EventDate "2001.02.??"]
[EventType "swiss"]
[EventRounds "8"]
[EventCountry "ITA"]
[SourceTitle "EXT 2024"]
[Source "ChessBase"]
[SourceDate "2023.10.10"]
[SourceVersion "1"]
[SourceVersionDate "2023.10.10"]
[SourceQuality "1"]

1. d4 g6 2. c4 Bg7 3. Nc3 d6 4. e4 Nc6 5. Be3 e5 6. Nge2 exd4 7. Nxd4 Nge7 8. Be2 0-0 9. Nxc6 Nxc6 10. Qd2 f5 11. exf5 Bxf5 12. 0-0 Qh4 13. Bf3 Kh8 14. Bxc6 bxc6 15. b3 Kg8 16. Rad1 c5 17. Nd5 Rae8 18. Nxc7 Re4 19. Qd5+ Kh8 20. Qxd6 Rg8 21. Qxc5 Rge8 22. g3 Qh3 23. Bd4 Bxd4 24. Rxd4 Qxf1+ 25. Kxf1 Bh3+ 26. Kg1 Re1# 0-1

[Event "Turin-ch op 18th"]
[Site "Torino"]
[Date "2001.02.??"]
[Round "4"]
[White "Giacometto, Mario"]
[Black "Mordiglia, Riccardo"]
[Result "1/2-1/2"]
[WhiteElo "1651"]
[BlackElo "2102"]
[PlyCount "45"]
[EventDate "2001.02.??"]
[EventType "swiss"]
[EventRounds "8"]
[EventCountry "ITA"]
[SourceTitle "EXT 2024"]
[Source "ChessBase"]
[SourceDate "2023.10.10"]
[SourceVersion "1"]
[SourceVersionDate "2023.10.10"]
[SourceQuality "1"]

1. e4 c6 2. d4 d5 3. e5 Bf5 4. Bd3 Bxd3 5. Qxd3 e6 6. c3 c5 7. a3 Nc6 8. Nf3 Nge7 9. b4 cxd4 10. cxd4 Nf5 11. Nc3 Nh4 12. Nxh4 Qxh4 13. Be3 f6 14. exf6 gxf6 15. 0-0-0 a5 16. b5 Bxa3+ 17. Kb1 Nb4 18. Qe2 Rc8 19. Bg5 Qxg5 20. Qxe6+ Kd8 21. Qd6+ Ke8 22. Qe6+ Kd8 23. Qd6+ 1/2-1/2

[Event "Turin-ch op 18th"]
[Site "Torino"]
[Date "2001.02.??"]
[Round "7"]
[White "Mordiglia, Riccardo"]
[Black "Terzolo, Massimo"]
[Result "1-0"]
[WhiteElo "2102"]
[BlackElo "1773"]
[PlyCount "32"]
[EventDate "2001.02.??"]
[EventType "swiss"]
[EventRounds "8"]
[EventCountry "ITA"]
[SourceTitle "EXT 2024"]
[Source "ChessBase"]
[SourceDate "2023.10.10"]
[SourceVersion "1"]
[SourceVersionDate "2023.10.10"]
[SourceQuality "1"]

1. b4 e5 2. Bb2 Bxb4 3. Bxe5 Nf6 4. Nc3 Bxc3 5. Bxc3 d5 6. e3 c5 7. Nf3 0-0 8. Be2 Nc6 9. 0-0 Re8 10. Rb1 Ne4 11. Ba1 a6 12. a4 Qa5 13. c4 d4 14. Bd3 Bg4 15. Rxb7 Bxf3 16. Qxf3 Nf6 1-0

[Event "Arco op 21st"]
[Site "Arco"]
[Date "1999.10.29"]
[Round "7"]
[White "Mordiglia, Riccardo"]
[Black "Rossi, Giampiero"]
[Result "0-1"]
[WhiteElo "2118"]
[BlackElo "2020"]
[PlyCount "117"]
[EventDate "1999.10.23"]
[EventType "swiss"]
[EventRounds "9"]
[EventCountry "ITA"]
[SourceTitle "EXT 2000"]
[Source "ChessBase"]
[SourceDate "1999.11.16"]
[SourceVersion "1"]
[SourceVersionDate "1999.11.16"]
[SourceQuality "1"]

1. d4 d5 2. Nf3 c6 3. Bf4 Bf5 4. e3 e6 5. Nbd2 Nd7 6. Be2 Ngf6 7. h3 Be7 8. 0-0 0-0 9. c4 Qb6 10. Qb3 Rfc8 11. c5 Qxb3 12. axb3 a6 13. b4 Re8 14. Nb3 Bd8 15. Ra3 Rc8 16. Na5 Bxa5 17. bxa5 Ra8 18. Rb3 Ra7 19. Ra1 Ne4 20. Rb4 f6 21. Bh2 e5 22. Kf1 exd4 23. exd4 Nf8 24. Ra3 Bc8 25. Re3 Kf7 26. Bd3 Ng5 27. Rxe8 Kxe8 28. Nxg5 fxg5 29. Bb8 Ra8 30. Be5 Kd7 31. Be2 g6 32. Ke1 Ne6 33. Kd2 Ke7 34. Rb3 Nf4 35. Bf3 Ne6 36. Ke3 Nd8 37. Bd6+ Ke8 38. Bc7 Ne6 39. Be5 Ke7 40. Bg4 Nd8 41. Bd6+ Kf7 42. Bc7 Ne6 43. Be5 Nd8 44. Bxc8 Rxc8 45. f4 gxf4+ 46. Kxf4 Ke6 47. Bd6 Kf6 48. Be5+ Ke6 49. Re3 Kd7 50. Kg3 Nf7 51. Bg7 Re8 52. Rxe8 Kxe8 53. Bf6 Kd7 54. Kf4 Ke6 55. Bh4 h6 56. Be1 Kf6 57. g4 Nd8 58. h4 Ne6+ 59. Ke3 0-1

[Event "Arco op 21st"]
[Site "Arco"]
[Date "1999.10.26"]
[Round "4"]
[White "Astengo, Marcello"]
[Black "Mordiglia, Riccardo"]
[Result "1-0"]
[WhiteElo "2017"]
[BlackElo "2118"]
[PlyCount "69"]
[EventDate "1999.10.23"]
[EventType "swiss"]
[EventRounds "9"]
[EventCountry "ITA"]
[SourceTitle "EXT 2000"]
[Source "ChessBase"]
[SourceDate "1999.11.16"]
[SourceVersion "1"]
[SourceVersionDate "1999.11.16"]
[SourceQuality "1"]

1. d4 d5 2. Nf3 Nc6 3. Bf4 Bg4 4. e3 e6 5. Bd3 Bd6 6. Bg3 Nge7 7. Nbd2 Nb4 8. Bb5+ c6 9. Ba4 Bxg3 10. hxg3 Nf5 11. a3 Na6 12. c3 Nb8 13. Qc2 Nd7 14. Qd3 Qc7 15. c4 dxc4 16. Qxc4 Nd6 17. Qb4 Bf5 18. Rc1 Nf6 19. Ne5 a5 20. Qb3 0-0 21. Qd1 Nde4 22. Ndf3 Nd5 23. g4 Bg6 24. Bc2 Nd6 25. Nxg6 hxg6 26. Ne5 Nf6 27. Qf3 Rfd8 28. g5 Nd7 29. Qh3 Kf8 30. Nxg6+ fxg6 31. Qxe6 Nf7 32. Bxg6 Nde5 33. dxe5 Qe7 34. Qf5 Qd7 35. Rh8+ 1-0

[Event "San Marino op"]
[Site "San Marino"]
[Date "1998.??.??"]
[Round "9"]
[White "Casadei, Mauro"]
[Black "Mordiglia, Riccardo"]
[Result "1/2-1/2"]
[WhiteElo "2140"]
[BlackElo "2115"]
[PlyCount "25"]
[EventDate "1998.??.??"]
[EventType "swiss"]
[EventRounds "9"]
[EventCountry "SMR"]
[SourceTitle "EXT 2002"]
[Source "ChessBase"]
[SourceDate "2001.11.25"]
[SourceVersion "1"]
[SourceVersionDate "2001.11.25"]
[SourceQuality "1"]

1. d4 d5 2. c4 c6 3. Nf3 e6 4. Qc2 Nf6 5. g3 dxc4 6. Qxc4 b5 7. Qc2 Bb7 8. Bg2 Nbd7 9. 0-0 Be7 10. a4 0-0 11. Rd1 a6 12. Bf4 Rc8 13. Ne5 1/2-1/2

[Event "San Marino op"]
[Site "San Marino"]
[Date "1998.??.??"]
[Round "5"]
[White "Mordiglia, Riccardo"]
[Black "Lapiccirella, Mattia"]
[Result "0-1"]
[WhiteElo "2115"]
[BlackElo "2095"]
[PlyCount "78"]
[EventDate "1998.??.??"]
[EventType "swiss"]
[EventRounds "9"]
[EventCountry "SMR"]
[SourceTitle "EXT 2000"]
[Source "ChessBase"]
[SourceDate "1999.11.16"]
[SourceVersion "1"]
[SourceVersionDate "1999.11.16"]
[SourceQuality "1"]

1. d4 Nf6 2. Nf3 g6 3. Bf4 Bg7 4. e3 0-0 5. h3 c5 6. c3 d6 7. dxc5 dxc5 8. Qxd8 Rxd8 9. Na3 Nc6 10. Bc4 Bf5 11. 0-0 Nd5 12. Ng5 h6 13. e4 hxg5 14. exd5 gxf4 15. dxc6 bxc6 16. Bb3 Bd3 17. Rfe1 Kf8 18. Bc4 Bf5 19. Bb3 a5 20. Ba4 Rab8 21. Nc4 Bd3 22. Nxa5 Rxb2 23. Red1 Bxc3 24. Nxc6 Rd6 25. Rac1 Rxa2 26. Rxc3 Rxa4 27. Rxc5 Rc4 28. Rxc4 Bxc4 29. Rxd6 exd6 30. f3 Ke8 31. Kf2 Kd7 32. Nd4 Kc7 33. g3 fxg3+ 34. Kxg3 Kb6 35. Kf4 Kc5 36. Nc2 Bd3 37. Ne3 Kd4 38. h4 Bb1 39. Nd1 Bc2 0-1

[Event "Celle Ligure op"]
[Site "Celle Ligure"]
[Date "1997.??.??"]
[Round "3"]
[White "Di Paolo, Raffaele"]
[Black "Mordiglia, Riccardo"]
[Result "1/2-1/2"]
[WhiteElo "2265"]
[BlackElo "2105"]
[PlyCount "94"]
[EventDate "1997.??.??"]
[EventType "swiss"]
[EventRounds "9"]
[EventCountry "ITA"]
[SourceTitle "EXT 1999"]
[Source "ChessBase"]
[SourceDate "1998.11.16"]
[SourceVersion "1"]
[SourceVersionDate "1998.11.16"]
[SourceQuality "1"]

1. e4 d5 2. exd5 Qxd5 3. Nc3 Qa5 4. d4 Nf6 5. Nf3 Bf5 6. Ne5 c6 7. Bc4 e6 8. Bd2 Bb4 9. a3 Bxc3 10. Bxc3 Qc7 11. f3 Nbd7 12. g4 Bg6 13. h4 h5 14. Nxg6 Qg3+ 15. Kf1 fxg6 16. g5 Ng4 17. Be1 Ne3+ 18. Ke2 Qg2+ 19. Kxe3 Qxh1 20. Bf2 Qxd1 21. Rxd1 Kf7 22. Re1 Nb6 23. Bb3 Rad8 24. Ke4 Nc8 25. c3 Rhe8 26. a4 Nd6+ 27. Kd3 Nf5 28. Re5 b6 29. Kc2 Rd6 30. Kc1 Ne7 31. Bg3 Nd5 32. Re4 Rdd8 33. Bf2 b5 34. a5 Ke7 35. Bg3 Rf8 36. Bd1 Rf5 37. Be5 Kf7 38. Kc2 Ne7 39. b3 Rd7 40. Be2 Nd5 41. c4 bxc4 42. bxc4 Nb4+ 43. Kc3 Rb7 44. Re3 Na2+ 45. Kc2 Nb4+ 46. Kc3 Na2+ 47. Kc2 Nb4+ 1/2-1/2

[Event "Celle Ligure op"]
[Site "Celle Ligure"]
[Date "1997.??.??"]
[Round "4"]
[White "Mordiglia, Riccardo"]
[Black "Guido, Flavio"]
[Result "0-1"]
[WhiteElo "2105"]
[BlackElo "2300"]
[PlyCount "48"]
[EventDate "1997.??.??"]
[EventType "swiss"]
[EventRounds "9"]
[EventCountry "ITA"]
[SourceTitle "EXT 1999"]
[Source "ChessBase"]
[SourceDate "1998.11.16"]
[SourceVersion "1"]
[SourceVersionDate "1998.11.16"]
[SourceQuality "1"]

1. d4 f5 2. e4 fxe4 3. Nc3 Nf6 4. f3 d5 5. fxe4 dxe4 6. Bg5 Bf5 7. Bc4 e6 8. Nge2 Be7 9. 0-0 Nc6 10. h3 Qd7 11. Bxf6 Bxf6 12. d5 Na5 13. Bb5 c6 14. dxc6 bxc6 15. Qxd7+ Kxd7 16. Ba6 Rab8 17. Rab1 Rb6 18. b4 Rxa6 19. bxa5 Kc7 20. Rb4 Rb8 21. Rfb1 Rxb4 22. Rxb4 Rxa5 23. a4 e3 24. Ne4 Rd5 0-1

[Event "Celle Ligure op"]
[Site "Celle Ligure"]
[Date "1997.??.??"]
[Round "9"]
[White "Zsifkovits, Robert"]
[Black "Mordiglia, Riccardo"]
[Result "1/2-1/2"]
[WhiteElo "2170"]
[BlackElo "2105"]
[PlyCount "92"]
[EventDate "1997.??.??"]
[EventType "swiss"]
[EventRounds "9"]
[EventCountry "ITA"]
[SourceTitle "EXT 1999"]
[Source "ChessBase"]
[SourceDate "1998.11.16"]
[SourceVersion "1"]
[SourceVersionDate "1998.11.16"]
[SourceQuality "1"]

1. d4 d5 2. e4 dxe4 3. Nc3 Nf6 4. f3 exf3 5. Nxf3 Bf5 6. Ne5 e6 7. g4 Be4 8. Nxe4 Nxe4 9. h4 Bb4+ 10. c3 Nxc3 11. bxc3 Bxc3+ 12. Bd2 Qxd4 13. Nf3 Qe4+ 14. Kf2 Bxa1 15. Qxa1 Nd7 16. Qxg7 0-0-0 17. Qc3 Nb6 18. Bg5 Nd5 19. Qb3 f6 20. Bd2 Rhg8 21. Rg1 Rxg4 22. Bd3 Qa4 23. Qxa4 Rxa4 24. Bxh7 Rxa2 25. Rg7 Nf4 26. Ke3 e5 27. Ke4 Raxd2 28. Nxd2 a5 29. Nb3 a4 30. Nc5 b6 31. Bf5+ Kb8 32. Na6+ Kb7 33. Nxc7 Rd4+ 34. Ke3 Kc6 35. Be4+ Kc5 36. Rg1 Rd7 37. Rc1+ Kb4 38. Rb1+ Kc5 39. Na6+ Kc4 40. Rxb6 a3 41. Rc6+ Kb5 42. Nc7+ Kb4 43. Rb6+ Kc5 44. Rc6+ Kb4 45. Rb6+ Kc5 46. Rc6+ Kb4 1/2-1/2

[Event "Corsico op2"]
[Site "Corsico"]
[Date "1996.??.??"]
[Round "3"]
[White "Braunberger, Federico"]
[Black "Mordiglia, Riccardo"]
[Result "1/2-1/2"]
[WhiteElo "2120"]
[BlackElo "2085"]
[PlyCount "146"]
[EventDate "1996.??.??"]
[EventType "swiss"]
[EventRounds "6"]
[EventCountry "ITA"]
[SourceTitle "EXT 1998"]
[Source "ChessBase"]
[SourceDate "1997.11.17"]
[SourceVersion "1"]
[SourceVersionDate "1997.11.17"]
[SourceQuality "1"]

1. d4 d6 2. Nf3 Bg4 3. e4 Nd7 4. Be2 e5 5. c3 Be7 6. Qb3 Rb8 7. dxe5 Nc5 8. Qc2 Bxf3 9. Bxf3 dxe5 10. 0-0 Qd3 11. Na3 Nf6 12. b4 Qxc2 13. Nxc2 Na4 14. c4 0-0 15. Be3 Nb2 16. c5 h6 17. Rab1 Nc4 18. Rfd1 Rfd8 19. Kf1 c6 20. Ke2 Kf8 21. Rxd8+ Rxd8 22. Bc1 Ke8 23. Rb3 b5 24. Rd3 Rxd3 25. Kxd3 Kd7 26. g3 Kc7 27. h4 Kd8 28. Bd1 Nd7 29. Kc3 Nf6 30. Kd3 Nd7 31. Na3 Nxa3 32. Bxa3 a5 33. bxa5 Bxc5 34. Bxc5 Nxc5+ 35. Ke3 Kc7 36. f4 f6 37. fxe5 fxe5 38. Kf3 Kb7 39. Bc2 h5 40. g4 g6 41. gxh5 gxh5 42. Ke3 Nd7 43. a4 Ka6 44. axb5+ cxb5 45. Kd3 Kxa5 46. Kc3 Nc5 47. Kb2 Kb4 48. Bd1 Nd3+ 49. Kb1 Nf4 50. Kb2 Kc4 51. Bc2 Ne2 52. Bb3+ Kd4 53. Bf7 Nf4 54. Be8 Kxe4 55. Bxb5 Kf3 56. Kc2 Kg4 57. Kd2 Kxh4 58. Ke3 Kg5 59. Bc6 Ne6 60. Bf3 Nc5 61. Bg2 Ne6 62. Ke4 Kf6 63. Kf3 Ng5+ 64. Kg3 Kf5 65. Kh4 Kf4 66. Kxh5 Nf3 67. Bf1 e4 68. Kg6 e3 69. Kf6 Kg3 70. Kf5 Nd2 71. Ba6 Kf3 72. Ke5 e2 73. Bxe2+ Kxe2 1/2-1/2

[Event "Venice op"]
[Site "Venice"]
[Date "1996.??.??"]
[Round "1"]
[White "Ferretti, Folco"]
[Black "Mordiglia, Riccardo"]
[Result "0-1"]
[WhiteElo "2285"]
[BlackElo "2085"]
[PlyCount "82"]
[EventDate "1996.??.??"]
[EventType "swiss"]
[EventRounds "6"]
[EventCountry "ITA"]
[SourceTitle "EXT 2002"]
[Source "ChessBase"]
[SourceDate "2001.11.25"]
[SourceVersion "1"]
[SourceVersionDate "2001.11.25"]
[SourceQuality "1"]

1. e4 b6 2. d4 Bb7 3. Bd3 e6 4. Nf3 Nf6 5. Qe2 c5 6. c3 Be7 7. 0-0 Nc6 8. a3 Na5 9. Nbd2 c4 10. Bc2 Qc7 11. Re1 b5 12. Rb1 h6 13. d5 e5 14. b4 cxb3 15. Bd3 a6 16. Nxb3 Nxb3 17. Rxb3 0-0 18. Nh4 d6 19. Nf5 Bc8 20. g4 Bxf5 21. gxf5 Nh7 22. c4 Bg5 23. Bxg5 Nxg5 24. cxb5 Nh3+ 25. Kh1 Qc5 26. f6 axb5 27. fxg7 Rfc8 28. Bxb5 Rxa3 29. Rxa3 Qxa3 30. Bd7 Nf4 31. Qg4 Rc1 32. Rxc1 Qxc1+ 33. Qg1 Qc3 34. Bg4 Qd3 35. Qe1 h5 36. Bd1 Qh3 37. Qg1 Qd3 38. f3 Qd2 39. h4 Nh3 40. Qf1 Nf2+ 41. Kh2 Ng4+ 0-1

[Event "Asti op 17th"]
[Site "Asti"]
[Date "1996.??.??"]
[Round "?"]
[White "Frank, Albert"]
[Black "Mordiglia, Riccardo"]
[Result "1/2-1/2"]
[WhiteElo "2155"]
[BlackElo "2100"]
[PlyCount "23"]
[EventDate "1996.10.??"]
[EventType "swiss"]
[EventRounds "9"]
[EventCountry "ITA"]
[SourceTitle "EXT 1998"]
[Source "ChessBase"]
[SourceDate "1997.11.17"]
[SourceVersion "1"]
[SourceVersionDate "1997.11.17"]
[SourceQuality "1"]

1. e4 b6 2. d4 Bb7 3. Bd3 e6 4. Nf3 c5 5. c3 Nf6 6. Qe2 Be7 7. Bg5 cxd4 8. cxd4 0-0 9. Nbd2 h6 10. Bxf6 Bxf6 11. Rc1 d6 12. 0-0 1/2-1/2

[Event "Corsico op2"]
[Site "Corsico"]
[Date "1996.??.??"]
[Round "1"]
[White "Mordiglia, Riccardo"]
[Black "Cappello, Guido"]
[Result "1-0"]
[WhiteElo "2085"]
[BlackElo "2195"]
[PlyCount "105"]
[EventDate "1996.??.??"]
[EventType "swiss"]
[EventRounds "6"]
[EventCountry "ITA"]
[SourceTitle "EXT 1998"]
[Source "ChessBase"]
[SourceDate "1997.11.17"]
[SourceVersion "1"]
[SourceVersionDate "1997.11.17"]
[SourceQuality "1"]

1. e4 e6 2. d4 d5 3. e5 c5 4. c3 Ne7 5. Nf3 Nbc6 6. Be2 Nf5 7. Na3 cxd4 8. cxd4 Bb4+ 9. Kf1 0-0 10. Nc2 Be7 11. Rb1 a5 12. b3 Bd7 13. g3 Rc8 14. Kg2 Na7 15. g4 Nh4+ 16. Nxh4 Bxh4 17. f4 Nb5 18. Bb2 f6 19. Qd2 fxe5 20. dxe5 g5 21. f5 Bc6 22. Bxb5 Bxb5 23. Nd4 Bd7 24. fxe6 Rf2+ 25. Qxf2 Bxf2 26. exd7 Qxd7 27. e6 Qd6 28. Kxf2 Qf4+ 29. Ke2 Qxg4+ 30. Kd3 Qe4+ 31. Kd2 Rf8 32. Rbe1 Qf4+ 33. Kc2 Re8 34. h4 g4 35. Rhf1 Qh2+ 36. Kb1 Qxh4 37. Nf5 Qg5 38. Bc1 Qg6 39. e7 h5 40. Ka1 b5 41. Nh6+ Kg7 42. Rf7+ Qxf7 43. Nxf7 Kxf7 44. Bg5 Rg8 45. Bh4 Ke8 46. Rf1 g3 47. Rf8+ Rxf8 48. exf8Q+ Kxf8 49. Bxg3 Ke7 50. Kb2 h4 51. Bxh4+ Kd6 52. Kc3 Ke5 53. Kd3 1-0

[Event "Venice op"]
[Site "Venice"]
[Date "1996.??.??"]
[Round "4"]
[White "Mordiglia, Riccardo"]
[Black "Pastres, Roberto"]
[Result "1/2-1/2"]
[WhiteElo "2085"]
[BlackElo "2215"]
[PlyCount "62"]
[EventDate "1996.??.??"]
[EventType "swiss"]
[EventRounds "6"]
[EventCountry "ITA"]
[SourceTitle "EXT 2002"]
[Source "ChessBase"]
[SourceDate "2001.11.25"]
[SourceVersion "1"]
[SourceVersionDate "2001.11.25"]
[SourceQuality "1"]

1. d4 f5 2. e4 fxe4 3. Nc3 Nf6 4. f3 d5 5. fxe4 dxe4 6. Bg5 Nc6 7. d5 Ne5 8. Qd4 Nf7 9. Bxf6 exf6 10. Nxe4 f5 11. Nc3 g6 12. Qe3+ Qe7 13. Qxe7+ Bxe7 14. Bb5+ Bd7 15. Nf3 Bxb5 16. Nxb5 0-0-0 17. 0-0-0 a6 18. Nc3 Bf6 19. Ne2 Ne5 20. Nxe5 Bxe5 21. g3 Rhe8 22. Rhe1 c6 23. dxc6 bxc6 24. c3 Rxd1+ 25. Rxd1 Kc7 26. Rd3 Bd6 27. Kd1 Re4 28. Rf3 Kd7 29. Kd2 c5 30. Nf4 Bxf4+ 31. Rxf4 Rxf4 1/2-1/2

[Event "Venice op"]
[Site "Venice"]
[Date "1996.??.??"]
[Round "2"]
[White "Mordiglia, Riccardo"]
[Black "Redo, Nicola"]
[Result "1-0"]
[WhiteElo "2085"]
[BlackElo "2190"]
[PlyCount "102"]
[EventDate "1996.??.??"]
[EventType "swiss"]
[EventRounds "6"]
[EventCountry "ITA"]
[SourceTitle "EXT 2002"]
[Source "ChessBase"]
[SourceDate "2001.11.25"]
[SourceVersion "1"]
[SourceVersionDate "2001.11.25"]
[SourceQuality "1"]

1. d4 Nf6 2. Nc3 d5 3. e4 dxe4 4. f3 exf3 5. Nxf3 e6 6. Bg5 Be7 7. Qd2 c6 8. Bd3 Nbd7 9. 0-0-0 Qa5 10. Qf4 a6 11. Kb1 h6 12. Qh4 b5 13. Ne5 Rf8 14. Bd2 b4 15. Ne2 Nxe5 16. dxe5 Qxe5 17. Bxb4 Rb8 18. Bc3 Qc7 19. Qa4 Nd5 20. Ba5 Qb7 21. b3 Bd7 22. Bd2 a5 23. Qg4 Bf6 24. Qa4 Be7 25. Qg4 Bf6 26. Qa4 Nb6 27. Qxa5 Ra8 28. Qb4 Qa7 29. Nc1 Nd5 30. Qd6 Be7 31. Qe5 Ba3 32. Qa1 Ke7 33. Rde1 Rfb8 34. Rhf1 f6 35. Be4 Rf8 36. Nd3 Bd6 37. c4 Nc7 38. Be3 Qa5 39. g3 Na6 40. Nf4 Kf7 41. Ng6 Nc5 42. Bxc5 Qxc5 43. Nxf8 Kxf8 44. Qb2 Be5 45. Qd2 Be8 46. g4 Qa3 47. Bxc6 Rd8 48. Qc2 Bg6 49. Be4 Bf7 50. Rd1 Rc8 51. Rd2 Be8 1-0